Renewable Energy Technologies (Record no. 66588)
[ view plain ]
| 000 -LEADER | |
|---|---|
| fixed length control field | 00488nam a22001577a 4500 |
| 020 ## - INTERNATIONAL STANDARD BOOK NUMBER | |
| ISBN | 9788184875812 |
| 082 ## - DEWEY DECIMAL CLASSIFICATION NUMBER | |
| Classification number | 621.042GHO |
| 100 ## - MAIN ENTRY--AUTHOR NAME | |
| Personal name | Ghosal, M. K. |
| 245 ## - TITLE STATEMENT | |
| Title | Renewable Energy Technologies |
| 260 ## - PUBLICATION, DISTRIBUTION, ETC. (IMPRINT) | |
| Place of publication | New Delhi: |
| Name of publisher | Norasa Pub house, |
| Year of publication | 2018. |
| 300 ## - PHYSICAL DESCRIPTION | |
| Number of Pages | 448p. ; |
| 650 ## - SUBJECT ADDED ENTRY--TOPICAL TERM | |
| Topical Term | Power resources |
| 650 ## - SUBJECT ADDED ENTRY--TOPICAL TERM | |
| Topical Term | Renewable energy sources |
| 856 ## - ELECTRONIC LOCATION AND ACCESS | |
| Uniform Resource Identifier | https://books.google.com.pk/books?id=Qq4xtAEACAAJ&dq=renewable+energy+technologies+ghosal&hl=en&sa=X&redir_esc=y |
| 942 ## - ADDED ENTRY ELEMENTS (KOHA) | |
| Koha item type | Books |
| Withdrawn status | Lost status | Home library | Current library | Date acquired | Cost, normal purchase price | Full call number | Accession Number | Koha item type |
|---|---|---|---|---|---|---|---|---|
| Reference Section | Reference Section | 17/11/2020 | 1961.00 | 621.042GHO (Shelf - 42D) | 58311 | Books | ||
| Reference Section | Reference Section | 17/11/2020 | 1961.00 | 621.042GHO (Shelf - 42D) | 58312 | Books |